Statistics for Religion by Letter - S

Click here to take the quiz!

General Stats

  • This quiz has been taken 110 times
  • The average score is 14 of 22

Answer Stats

HintAnswer% Correct
Biblical king who built the first templeSolomon
95%
Gomorrah's partner in crimeSodom
86%
Two main denominations of IslamSunni
86%
This religion's followers wear turbanSikhism
85%
Judaism's day of restSabbath
84%
Two main denominations of IslamShia
81%
Jewish place of worshipSynagogue
81%
Indigenous religion of JapanShinto
80%
Church founded by L. Ron HubbardScientology
79%
Term for a system of law
based on Islam
Sharia
77%
Bodyguards of the pope{Swiss} Guard
72%
Hindu destroyer godShiva
70%
Primary language of HinduismSanskrit
67%
卐 represents Buddha's spiritSwastika
67%
Founder of the Mormon ChurchJoseph Smith
65%
Rastafaris worship this Ethiopian
emperor as their Messiah
Haile Selassie
58%
Spanish city that is a destination
of Catholic pilgrims
{Santiago} de
Compostela
55%
Spiritual leader who heals people
by channeling spirits
Shaman
45%
Islamic practice that has "dervishes"Sufism
34%
Feast on the Passover holidaySeder
28%
Cycle of rebirths preceding NirvanaSamsāra
20%
A pagoda with a dome-shaped baseStupa
15%

Score Distribution

Percentile by Number Answered

Percent of People with Each Score

Your Score History

You have not taken this quiz